000
00174 a2200097 4500
020
_a
9781594972904
041
_a
spa
100
_a
Hiro Mashima
245
_a
Rave
942
_c
BK
999
_c
15179
_d
15179